[Event "Isthmia op"]
[Site "Vrachati GRE"]
[Date "2013.08.20"]
[Round "4.9"]
[White "Sambuev, Bator"]
[Black "Sidiropoulos, N1."]
[Result "1-0"]
[WhiteElo "2524"]
[BlackElo "2106"]
[PlyCount "141"]
[EventDate "2013.08.18"]
[EventType "swiss"]
[EventRounds "9"]
[EventCountry "GRE"]
[Source "Mark Crowther"]
[SourceDate "2013.08.26"]

1. d4 Nf6 2. Nf3 g6 3. Bg5 Bg7 4. Nbd2 O-O 5. e4 d5 6. exd5 Nxd5 7. c3 h6 8.
Bh4 f5 9. Bc4 g5 10. Bxg5 hxg5 11. Nxg5 c6 12. Qh5 Rf6 13. O-O-O b5 14. Bb3 a5
15. a3 b4 16. Rhe1 bxc3 17. bxc3 a4 18. Ba2 Na6 19. Re3 e6 20. Rg3 Ra7 21. Re1
Qd6 22. Nc4 Qf4+ 23. Kc2 Re7 24. Ne5 Rh6 25. Qe2 c5 26. Nc6 Nac7 27. Nxe7+ Nxe7
28. Nh3 Qd6 29. Qe3 cxd4 30. Qxh6 Qxg3 31. Qxe6+ Bxe6 32. Bxe6+ Nxe6 33. fxg3
Kf7 34. cxd4 Bxd4 35. Rf1 Bc5 36. Kb2 Bd4+ 37. Ka2 Kf6 38. g4 Ke5 39. gxf5 Nxf5
40. Ng1 Ke4 41. Nf3 Be3 42. Rb1 Nc5 43. Rb4+ Kd3 44. Ne5+ Kc2 45. Rc4+ Kd2 46.
Kb1 Nd6 47. Rc2+ Ke1 48. h4 Nde4 49. Nf3+ Kd1 50. h5 Bh6 51. Rc4 Bg7 52. Rc1+
Ke2 53. Kc2 Kf2 54. Rd1 Kxg2 55. Rg1+ Kxf3 56. Rxg7 Ke3 57. h6 Nf6 58. Kc3 Ke4
59. h7 Nxh7 60. Rxh7 Kd5 61. Rh5+ Kc6 62. Kb4 Nb7 63. Kxa4 Kb6 64. Kb4 Nd8 65.
Rh6+ Nc6+ 66. Kc4 Kb7 67. Kc5 Nb8 68. Rh7+ Kc8 69. a4 Nd7+ 70. Kd6 Nb6 71. Kc6
1-0

[Event "Isthmia op"]
[Site "Vrachati GRE"]
[Date "2013.08.21"]
[Round "5.5"]
[White "Papasimakopoulos, Alexandros"]
[Black "Sambuev, Bator"]
[Result "0-1"]
[WhiteElo "2271"]
[BlackElo "2524"]
[PlyCount "110"]
[EventDate "2013.08.18"]
[EventType "swiss"]
[EventRounds "9"]
[EventCountry "GRE"]
[Source "Mark Crowther"]
[SourceDate "2013.08.26"]

1. d4 Nf6 2. c4 e6 3. Nc3 Bb4 4. e3 c5 5. Nge2 cxd4 6. exd4 O-O 7. a3 Be7 8.
Nf4 d5 9. cxd5 Nxd5 10. Nfxd5 exd5 11. Bd3 Nc6 12. O-O Bf6 13. Qh5 g6 14. Qxd5
Bxd4 15. Qxd8 Rxd8 16. Be4 Be6 17. Bf4 Bxc3 18. bxc3 Bd5 19. Bc2 Rd7 20. Rfd1
Kg7 21. c4 Be6 22. Rxd7 Bxd7 23. Be4 Re8 24. f3 Na5 25. Rd1 Bc6 26. Bxc6 Nxc6
27. Rd7 Re7 28. Rd5 f6 29. Kf2 Kf7 30. g4 Re6 31. Rd7+ Re7 32. Rd5 Ke8 33. Rd6
Rf7 34. h4 Na5 35. c5 Nc4 36. Rd3 Rd7 37. Rc3 Na5 38. h5 Rd5 39. h6 Kf7 40. Bd6
g5 41. Re3 Nc6 42. Kg3 b5 43. f4 gxf4+ 44. Kxf4 Rd4+ 45. Kf5 Rc4 46. Rd3 a5 47.
g5 fxg5 48. Kxg5 b4 49. Kf5 b3 50. Rg3 b2 51. Rg7+ Ke8 52. Rb7 Rb4 53. axb4
b1=Q+ 54. Kf4 axb4 55. Rb6 Kd7 0-1

[Event "Isthmia op"]
[Site "Vrachati GRE"]
[Date "2013.08.22"]
[Round "6.4"]
[White "Sambuev, Bator"]
[Black "Kourkoulos Arditis, Stamatis"]
[Result "1-0"]
[WhiteElo "2524"]
[BlackElo "2203"]
[PlyCount "52"]
[EventDate "2013.08.18"]
[EventType "swiss"]
[EventRounds "9"]
[EventCountry "GRE"]
[Source "Mark Crowther"]
[SourceDate "2013.08.26"]

1. d4 Nf6 2. Nf3 e6 3. e3 b6 4. Bd3 Bb7 5. O-O c5 6. c4 cxd4 7. exd4 Be7 8. Nc3
d6 9. d5 e5 10. Nh4 Nbd7 11. Nf5 Bf8 12. f4 g6 13. fxe5 Nxe5 14. Bg5 gxf5 15.
Qa4+ Ke7 16. Rxf5 Bg7 17. Raf1 Qd7 18. Qd1 h6 19. Bh4 Rhg8 20. Ne4 Kf8 21. Nxf6
Bxf6 22. Bxf6 Ng4 23. Bd4 Re8 24. Qa4 Rd8 25. Qxa7 Ne5 26. Bxe5 Bxd5 1-0

[Event "Isthmia op"]
[Site "Vrachati GRE"]
[Date "2013.08.23"]
[Round "7.3"]
[White "Banikas, Hristos"]
[Black "Sambuev, Bator"]
[Result "1-0"]
[WhiteElo "2618"]
[BlackElo "2524"]
[PlyCount "51"]
[EventDate "2013.08.18"]
[EventType "swiss"]
[EventRounds "9"]
[EventCountry "GRE"]
[Source "Mark Crowther"]
[SourceDate "2013.08.26"]

1. d4 d5 2. c4 c6 3. Nf3 e6 4. Qc2 dxc4 5. Qxc4 Nf6 6. g3 b5 7. Qb3 Bb7 8. Bg2
Nbd7 9. Ne5 Nxe5 10. dxe5 Nd7 11. Nc3 a5 12. O-O a4 13. Qc2 Qb6 14. Rd1 Nxe5
15. Bf4 Nd7 16. Ne4 Rd8 17. b3 e5 18. Be3 Qc7 19. bxa4 bxa4 20. Nc3 Bd6 21.
Rab1 Ba8 22. Nxa4 O-O 23. Nb6 Bb7 24. Nxd7 Rxd7 25. Bh3 Re7 26. Qd3 1-0

[Event "Isthmia op"]
[Site "Vrachati GRE"]
[Date "2013.08.24"]
[Round "8.5"]
[White "Sambuev, Bator"]
[Black "Debashish, Das"]
[Result "1/2-1/2"]
[WhiteElo "2524"]
[BlackElo "2495"]
[PlyCount "85"]
[EventDate "2013.08.18"]
[EventType "swiss"]
[EventRounds "9"]
[EventCountry "GRE"]
[Source "Mark Crowther"]
[SourceDate "2013.08.26"]

1. d4 Nf6 2. Nf3 d5 3. e3 e6 4. Bd3 c5 5. b3 Be7 6. O-O O-O 7. Bb2 Nc6 8. c4 b6
9. Nc3 Bb7 10. Rc1 cxd4 11. exd4 Rc8 12. Re1 dxc4 13. bxc4 Bd6 14. a3 Ne7 15.
Ne4 Ng6 16. d5 Nxe4 17. Bxe4 Bf4 18. Rc3 f5 19. Bc2 exd5 20. cxd5 Rxc3 21. Bxc3
Bxd5 22. Bb3 Bxb3 23. Qxb3+ Rf7 24. g3 Bb8 25. h4 h6 26. h5 Nh8 27. Qb5 Re7 28.
Rxe7 Qxe7 29. Nh4 Qxa3 30. Qc4+ Nf7 31. Nxf5 Qc5 32. Qe6 Qxc3 33. Ne7+ Kf8 34.
Ng6+ Kg8 35. Qe8+ Kh7 36. Qxf7 Bxg3 37. Kg2 Bxf2 38. Qxf2 Qf6 39. Qc2 Qg5+ 40.
Kf1 Qb5+ 41. Ke1 Qa5+ 42. Kf1 Qb5+ 43. Ke1 1/2-1/2

[Event "Isthmia op"]
[Site "Vrachati GRE"]
[Date "2013.08.25"]
[Round "9.3"]
[White "Papaioannou, Ioannis"]
[Black "Sambuev, Bator"]
[Result "1-0"]
[WhiteElo "2624"]
[BlackElo "2524"]
[PlyCount "65"]
[EventDate "2013.08.18"]
[EventType "swiss"]
[EventRounds "9"]
[EventCountry "GRE"]
[Source "Mark Crowther"]
[SourceDate "2013.08.26"]

1. e4 d6 2. d4 Nf6 3. f3 g6 4. Nc3 c6 5. Be3 b5 6. Qd2 Bg7 7. Bd3 Nbd7 8. a4 b4
9. Nd1 a5 10. Ne2 e5 11. c3 O-O 12. O-O d5 13. Nf2 bxc3 14. bxc3 Qe7 15. Bg5
Ba6 16. Bxa6 Rxa6 17. f4 h6 18. Bxf6 Nxf6 19. Qd3 Qa7 20. fxe5 dxe4 21. Nxe4
Nd7 22. Kh1 c5 23. Nf4 cxd4 24. cxd4 Rd8 25. e6 fxe6 26. Nxg6 Nf8 27. Nxf8 Rxf8
28. Rxf8+ Kxf8 29. Rf1+ Kg8 30. Qg3 Rc6 31. Nf6+ Kf8 32. Qg6 Rc8 33. Nh5+ 1-0

[Event "Kitchener Winter op"]
[Site "Kitchener CAN"]
[Date "2013.03.09"]
[Round "2"]
[White "Sambuev, Bator"]
[Black "Semianiuk, Konstantin"]
[Result "1-0"]
[WhiteElo "2696"]
[BlackElo "2283"]
[PlyCount "41"]
[EventDate "2013.03.09"]
[EventType "swiss"]
[EventRounds "5"]
[EventCountry "CAN"]

1. d4 d5 2. Nf3 Nf6 3. e3 c6 4. c4 e6 5. Nbd2 Nbd7 6. Bd3 Bd6 7. O-O Qe7 8. e4
dxe4 9. Nxe4 Nxe4 10. Bxe4 Nf6 11. Bc2 h6 12. Re1 Bd7 13. Ne5 O-O 14. Bf4 g5
15. Bg3 Be8 16. Qf3 h5 17. c5 Bc7 18. Nc4 g4 19. Qa3 Bxg3 20. Qxg3 h4 21. Nd6
1-0

[Event "Pere Noel"]
[Site "Montreal CAN"]
[Date "2011.12.27"]
[Round "2"]
[White "Zhang, Zhiyuan"]
[Black "Sambuev, Bator"]
[Result "0-1"]
[WhiteElo "2066"]
[BlackElo "2578"]
[PlyCount "120"]
[EventDate "2011.12.26"]
[EventType "swiss"]
[EventRounds "5"]
[EventCountry "CAN"]

1. e4 e6 2. d4 d5 3. exd5 exd5 4. Nf3 Nc6 5. Bb5 Bd6 6. O-O Nge7 7. Bg5 f6 8.
Bh4 Bg4 9. Bg3 O-O 10. c3 Ng6 11. Nbd2 Nce7 12. Qc2 Nf4 13. Bxf4 Bxf4 14. Bd3
g6 15. Rfe1 Qd7 16. h3 Bf5 17. Bxf5 Nxf5 18. Re2 Rae8 19. Rae1 Nd6 20. b3 Rxe2
21. Rxe2 Re8 22. Qd3 Kf7 23. a4 Rxe2 24. Qxe2 Qf5 25. c4 c6 26. c5 Ne8 27. Ne1
Nc7 28. Nd3 Ne6 29. Nf3 Bh6 30. Kf1 Qe4 31. Nde1 Bf4 32. Nc2 h5 33. b4 a6 34.
Ke1 Qf5 35. Kd1 Bh6 36. g4 hxg4 37. hxg4 Qf4 38. g5 Bxg5 39. Nxg5+ Nxg5 40. Qe3
Qg4+ 41. Kc1 Qf3 42. b5 axb5 43. axb5 cxb5 44. Kb2 Qxe3 45. Nxe3 Ke6 46. Ka3
Nf3 47. Nc2 Kf5 48. Kb4 Ke4 49. Kc3 f5 50. Na3 Nxd4 51. f3+ Nxf3 52. Nxb5 Ke3
53. Nd6 d4+ 54. Kb4 d3 55. Nc4+ Kd4 56. Kb5 d2 57. Nb2 Ne5 58. Kb6 Nc4+ 59.
Nxc4 Kxc4 60. Kxb7 d1=Q 0-1

[Event "Pere Noel"]
[Site "Montreal CAN"]
[Date "2011.12.28"]
[Round "3"]
[White "Sambuev, Bator"]
[Black "Prahov, Valentin"]
[Result "1-0"]
[WhiteElo "2578"]
[BlackElo "2131"]
[PlyCount "61"]
[EventDate "2011.12.26"]
[EventType "swiss"]
[EventRounds "5"]
[EventCountry "CAN"]

1. Nf3 Nf6 2. c4 g6 3. Nc3 d5 4. cxd5 Nxd5 5. h4 h5 6. Qa4+ c6 7. Nxd5 Qxd5 8.
e4 Qd8 9. Qb3 Bg7 10. Bc4 O-O 11. Ng5 e6 12. g4 hxg4 13. d4 Qxd4 14. h5 gxh5
15. Rxh5 b5 16. Be2 Nd7 17. Bxg4 Nf6 18. Be3 Qc4 19. Qxc4 bxc4 20. Rh4 Nxg4 21.
Rxg4 f5 22. Rg2 c3 23. O-O-O cxb2+ 24. Kb1 fxe4 25. Nxe4 Ba6 26. Rd7 Rf7 27.
Nf6+ Rxf6 28. Rgxg7+ Kh8 29. Rh7+ Kg8 30. Rdg7+ Kf8 31. Bc5+ 1-0

[Event "Pere Noel"]
[Site "Montreal CAN"]
[Date "2011.12.30"]
[Round "5"]
[White "Masse, Hugues"]
[Black "Sambuev, Bator"]
[Result "0-1"]
[WhiteElo "2264"]
[BlackElo "2578"]
[PlyCount "112"]
[EventDate "2011.12.26"]
[EventType "swiss"]
[EventRounds "5"]
[EventCountry "CAN"]

1. d4 Nf6 2. c4 e6 3. Nc3 Bb4 4. e3 O-O 5. Nge2 d5 6. a3 Be7 7. Ng3 b6 8. Be2
Bb7 9. O-O dxc4 10. Bxc4 c5 11. dxc5 bxc5 12. b3 Nc6 13. Qc2 Qb6 14. Rb1 Ne5
15. Be2 Qc6 16. f3 a6 17. Nge4 Nd5 18. Nf2 Rac8 19. Nxd5 exd5 20. e4 Qg6 21.
Nd3 Nxd3 22. Bxd3 dxe4 23. Bxe4 Bxe4 24. fxe4 c4 25. bxc4 Qe6 26. Re1 Rxc4 27.
Qe2 Rfc8 28. Kh1 Bh4 29. g3 Rc2 30. Qd3 Qh3 31. Bd2 Bxg3 32. Qxg3 Qxg3 33. hxg3
Rxd2 34. Rbc1 Rxc1 35. Rxc1 h5 36. Rc5 g6 37. Ra5 Re2 38. Ra4 Kg7 39. Kg1 Kf6
40. Kf1 Ra2 41. Ra5 Rb2 42. Kg1 Re2 43. Kf1 Rxe4 44. Rxa6+ Kg5 45. Kf2 Rc4 46.
Kf3 f5 47. Ra8 Rc3+ 48. Kf2 h4 49. gxh4+ Kxh4 50. a4 f4 51. a5 Kg4 52. a6 Rc2+
53. Ke1 Ra2 54. a7 g5 55. Kd1 f3 56. Ke1 Kg3 0-1

[Event "Hart House Holidays op"]
[Site "Toronto CAN"]
[Date "2011.12.17"]
[Round "2"]
[White "Sambuev, Bator"]
[Black "Zeromskis, Egidijus"]
[Result "1-0"]
[WhiteElo "2522"]
[BlackElo "2153"]
[PlyCount "117"]
[EventDate "2011.12.16"]
[EventType "swiss"]
[EventRounds "5"]
[EventCountry "CAN"]

1. d4 Nf6 2. c4 g6 3. Nc3 Bg7 4. e4 d6 5. Nf3 O-O 6. Be2 e5 7. O-O Nc6 8. d5
Ne7 9. Ne1 Nd7 10. Be3 f5 11. f3 f4 12. Bf2 g5 13. Rc1 h5 14. c5 Nxc5 15. b4
Na6 16. Nb5 Bd7 17. a4 Rf7 18. Nd3 Bf6 19. Kh1 Rg7 20. Rg1 g4 21. g3 fxg3 22.
Bxg3 h4 23. Bf2 g3 24. hxg3 hxg3 25. Rxg3 Ng6 26. Be3 Kf7 27. Kg1 Bh4 28. Rg4
Bxg4 29. fxg4 Kg8 30. Qd2 Bg3 31. Bg5 Qd7 32. Bh6 Bf4 33. Nxf4 Nxf4 34. Bxf4
exf4 35. Nd4 f3 36. Bxf3 Rf8 37. Nf5 Rxf5 38. exf5 Qxf5 39. Kg2 Qg5 40. Qxg5
Rxg5 41. Rc4 Rg7 42. Kg3 Nb8 43. Be4 Re7 44. Kf4 Kg7 45. b5 a6 46. Bf5 axb5 47.
axb5 Rf7 48. Rc3 Nd7 49. Rxc7 Nb6 50. Rxf7+ Kxf7 51. Be4 Nc4 52. Kf5 Ne5 53. g5
Ng6 54. Kg4 Ne5+ 55. Kh5 Kg7 56. g6 Nd7 57. Kg5 b6 58. Kf5 Nc5 59. Bc2 1-0

[Event "Montmagny op"]
[Site "Montmagny CAN"]
[Date "2011.11.11"]
[Round "1"]
[White "Lalumiere, Claude"]
[Black "Sambuev, Bator"]
[Result "0-1"]
[WhiteElo "1788"]
[BlackElo "2568"]
[PlyCount "46"]
[EventDate "2011.11.12"]
[EventType "swiss"]
[EventRounds "5"]
[EventCountry "CAN"]

1. e4 e6 2. d4 d5 3. Nc3 Bb4 4. e5 c5 5. a3 Ba5 6. Nge2 Nc6 7. f4 Nge7 8. Bd2
cxd4 9. Nb5 O-O 10. Nbxd4 Bb6 11. Be3 f6 12. exf6 Rxf6 13. g3 e5 14. fxe5 Nxe5
15. Bg2 Bg4 16. h3 Nc4 17. Bg5 Bxe2 18. Qxe2 Bxd4 19. Bxf6 Bxf6 20. c3 Qb6 21.
Bxd5+ Nxd5 22. Qxc4 Re8+ 23. Kd2 Qxb2+ 0-1

[Event "Montmagny op"]
[Site "Montmagny CAN"]
[Date "2011.11.12"]
[Round "2"]
[White "Sambuev, Bator"]
[Black "Larochelle, Martial"]
[Result "1-0"]
[WhiteElo "2568"]
[BlackElo "2228"]
[PlyCount "33"]
[EventDate "2011.11.12"]
[EventType "swiss"]
[EventRounds "5"]
[EventCountry "CAN"]

1. Nf3 Nf6 2. c4 e6 3. Nc3 d5 4. d4 Be7 5. Bg5 h6 6. Bh4 O-O 7. e3 Ne4 8. Bxe7
Qxe7 9. Rc1 Nxc3 10. Rxc3 c6 11. h4 Nd7 12. g4 dxc4 13. Bxc4 e5 14. g5 exd4 15.
Qxd4 Kh7 16. gxh6 gxh6 17. Ng5+ 1-0

[Event "Montmagny op"]
[Site "Montmagny CAN"]
[Date "2011.11.13"]
[Round "5"]
[White "Sambuev, Bator"]
[Black "Auger, Bertrand"]
[Result "1-0"]
[WhiteElo "2568"]
[BlackElo "1942"]
[PlyCount "51"]
[EventDate "2011.11.12"]
[EventType "swiss"]
[EventRounds "5"]
[EventCountry "CAN"]

1. d4 e6 2. c4 Nf6 3. Nc3 Bb4 4. e3 c5 5. Bd3 cxd4 6. exd4 Qa5 7. Bd2 Nc6 8.
Nf3 O-O 9. O-O Qh5 10. a3 Bxc3 11. Bxc3 d5 12. c5 Ne4 13. Qc2 f5 14. b4 g5 15.
Ne5 g4 16. Nxc6 bxc6 17. Bd2 Rf6 18. Bf4 Rg6 19. a4 Ng5 20. Bxg5 Rxg5 21. Qd2
Bd7 22. Qf4 Rg6 23. b5 Kh8 24. b6 g3 25. fxg3 Rag8 26. b7 1-0

[Event "Quebec-ch Elite"]
[Site "Montreal CAN"]
[Date "2011.10.07"]
[Round "1"]
[White "Zhu, Hong Rui"]
[Black "Sambuev, Bator"]
[Result "1-0"]
[WhiteElo "2101"]
[BlackElo "2578"]
[PlyCount "81"]
[EventDate "2011.10.07"]
[EventType "swiss"]
[EventRounds "7"]
[EventCountry "CAN"]

1. e4 e6 2. d4 d5 3. e5 c5 4. c3 Nc6 5. Nf3 Qb6 6. a3 Nh6 7. b4 cxd4 8. cxd4
Nf5 9. Bb2 Be7 10. Be2 O-O 11. O-O f6 12. Qd2 fxe5 13. dxe5 Bd7 14. Nc3 a5 15.
Na4 Qd8 16. Nc5 Bc8 17. Rac1 axb4 18. axb4 Qb6 19. Bc3 d4 20. Bb2 Nxb4 21. Nd3
Bd7 22. Rb1 Bc6 23. Bc1 Ra4 24. Bd1 Bxf3 25. Bxa4 Bxg2 26. Kxg2 Nh4+ 27. Kh1
Qa6 28. Bd7 Rf3 29. Ra1 Qxa1 30. Bxe6+ Kh8 31. Nxb4 d3 32. Bd5 Rf8 33. Nxd3 Qd4
34. Bxb7 Rd8 35. Rd1 h6 36. Qf4 Qc3 37. Be4 Qb3 38. Qg4 g5 39. Qh5 Kg7 40. Bb2
Rxd3 41. e6+ 1-0

[Event "Quebec-ch Elite"]
[Site "Montreal CAN"]
[Date "2011.10.08"]
[Round "2"]
[White "Sambuev, Bator"]
[Black "Seguin, Rene"]
[Result "1-0"]
[WhiteElo "2578"]
[BlackElo "1954"]
[PlyCount "53"]
[EventDate "2011.10.07"]
[EventType "swiss"]
[EventRounds "7"]
[EventCountry "CAN"]

1. d4 Nf6 2. Nf3 g6 3. c4 Bg7 4. Nc3 d5 5. Bg5 Ne4 6. Bh4 Nxc3 7. bxc3 dxc4 8.
e3 Be6 9. Qb1 Qd5 10. Nd2 O-O 11. Be2 Nd7 12. O-O Nb6 13. a4 a5 14. Bxe7 Rfe8
15. Bc5 Qd8 16. Bxb6 cxb6 17. Bxc4 Rc8 18. Bxe6 Rxe6 19. Qd3 Rec6 20. Rfc1 h5
21. Rab1 Qc7 22. c4 Bf8 23. d5 Rd6 24. Ne4 Rdd8 25. g3 h4 26. Nf6+ Kh8 27. Qd4
1-0

[Event "Quebec-ch Elite"]
[Site "Montreal CAN"]
[Date "2011.10.08"]
[Round "3"]
[White "Gagnon, Serge"]
[Black "Sambuev, Bator"]
[Result "0-1"]
[WhiteElo "2121"]
[BlackElo "2578"]
[PlyCount "82"]
[EventDate "2011.10.07"]
[EventType "swiss"]
[EventRounds "7"]
[EventCountry "CAN"]

1. d4 Nf6 2. c4 e6 3. Nf3 b6 4. g3 Ba6 5. Qc2 c5 6. Bg2 Bb7 7. O-O cxd4 8. Nxd4
Bxg2 9. Kxg2 Qc8 10. e4 Qb7 11. f3 d6 12. Be3 Nbd7 13. Nc3 Be7 14. Rfd1 a6 15.
Rac1 O-O 16. Qe2 Rac8 17. b3 Rfe8 18. Qf2 Ne5 19. h3 Nfd7 20. f4 Nc6 21. Kh2
Nxd4 22. Bxd4 b5 23. cxb5 axb5 24. Qe2 b4 25. Qb5 Rb8 26. Qxb7 Rxb7 27. Na4 e5
28. fxe5 dxe5 29. Nc5 Bxc5 30. Bxc5 Ra8 31. Rd2 Rc7 32. Rcd1 Rxc5 33. Rxd7
Rxa2+ 34. R1d2 Rxd2+ 35. Rxd2 f6 36. Rd8+ Kf7 37. Rb8 Rc2+ 38. Kg1 Rc3 39. Rxb4
Rxg3+ 40. Kh2 Re3 41. Kg2 g5 0-1

[Event "Quebec-ch Elite"]
[Site "Montreal CAN"]
[Date "2011.10.09"]
[Round "4"]
[White "Sambuev, Bator"]
[Black "Lopez Linares, Lizandro"]
[Result "1-0"]
[WhiteElo "2578"]
[BlackElo "2041"]
[PlyCount "117"]
[EventDate "2011.10.07"]
[EventType "swiss"]
[EventRounds "7"]
[EventCountry "CAN"]

1. d4 Nf6 2. Nf3 c5 3. e3 cxd4 4. exd4 d5 5. c4 Nc6 6. Nc3 Bg4 7. cxd5 Nxd5 8.
Qb3 Bxf3 9. gxf3 e6 10. Qxb7 Nxd4 11. Bb5+ Nxb5 12. Qc6+ Ke7 13. Qxb5 Qd7 14.
Nxd5+ Qxd5 15. Bg5+ f6 16. Qxd5 exd5 17. Be3 Ke6 18. O-O-O Rc8+ 19. Kb1 Bc5 20.
Rhe1 Bxe3 21. Rxe3+ Kd6 22. Ra3 Rc7 23. Ra5 Rhc8 24. Raxd5+ Ke6 25. f4 g6 26.
Ra5 Rc5 27. Rxa7 Rc2 28. Ra5 Re2 29. Rb5 Rc4 30. f5+ gxf5 31. f3 Rxh2 32. Re1+
Kd7 33. Rd5+ Kc6 34. Rxf5 Rb4 35. Rxf6+ Kd5 36. b3 Rd4 37. Rf8 Kc5 38. Rc8+ Kb6
39. Rc2 Rh6 40. Kb2 Rf6 41. Re4 Rd3 42. f4 Rf3 43. Rh2 h6 44. a4 Kb7 45. Rb4+
Ka7 46. Ka3 Rd6 47. Re2 Rf6 48. Re7+ Ka6 49. Rh7 Rf2 50. Rh8 Ka7 51. Re4 Rh2
52. f5 Rxf5 53. Re7+ Kb6 54. Re6+ Kc5 55. Rexh6 Rxh6 56. Rxh6 Rf1 57. Rh5+ Kb6
58. a5+ Ka6 59. Ka4 1-0

[Event "Montreal op"]
[Site "Montreal CAN"]
[Date "2011.09.09"]
[Round "1.1"]
[White "Sambuev, Bator"]
[Black "Drolet, Stephane"]
[Result "1-0"]
[WhiteElo "2528"]
[BlackElo "2079"]
[PlyCount "85"]
[EventDate "2011.09.09"]
[EventType "swiss"]
[EventRounds "5"]
[EventCountry "CAN"]

1. d4 d5 2. Nf3 Nf6 3. e3 c5 4. b3 Nc6 5. Bb2 Bg4 6. Be2 e6 7. h3 Bf5 8. O-O
cxd4 9. exd4 Be7 10. c4 O-O 11. Nbd2 Ne4 12. Nxe4 dxe4 13. Nh2 Bg6 14. d5 exd5
15. cxd5 Nb4 16. Qd4 f6 17. Rad1 Bd6 18. Ng4 a5 19. a3 Nd3 20. Bxd3 exd3 21. f4
Rc8 22. b4 axb4 23. axb4 b5 24. f5 Rc4 25. Qxd3 Bh5 26. Bd4 Bxb4 27. Bf2 Bxg4
28. hxg4 Bd6 29. Rfe1 Qc7 30. Re6 Rc8 31. Qe2 Qd7 32. Be3 Rc2 33. Qf3 b4 34.
Rb1 R2c3 35. Kh1 Bc5 36. Rd1 b3 37. d6 b2 38. Qd5 Kh8 39. Bf4 Bb6 40. Re7 Qa4
41. d7 Rd8 42. Rde1 Be3 43. Qf7 1-0

[Event "Montreal op"]
[Site "Montreal CAN"]
[Date "2011.09.10"]
[Round "2.1"]
[White "Qin, Zi Yi (Joey)"]
[Black "Sambuev, Bator"]
[Result "1/2-1/2"]
[WhiteElo "2166"]
[BlackElo "2528"]
[PlyCount "112"]
[EventDate "2011.09.09"]
[EventType "swiss"]
[EventRounds "5"]
[EventCountry "CAN"]

1. e4 e6 2. d4 d5 3. Nd2 c5 4. exd5 exd5 5. Bb5+ Bd7 6. Bxd7+ Nxd7 7. Ngf3 Ngf6
8. O-O Be7 9. dxc5 Nxc5 10. Nb3 Nce4 11. Nfd4 Qd7 12. f3 Nd6 13. Nc5 Qc8 14.
Nd3 O-O 15. b3 Re8 16. Bb2 Bf8 17. Qd2 Qd8 18. Rfe1 Qb6 19. Qf2 g6 20. Ne2
Qxf2+ 21. Kxf2 Bg7 22. Rad1 Nf5 23. Ng3 Nxg3 24. hxg3 Rac8 25. Rxe8+ Nxe8 26.
Rd2 d4 27. Ne1 Rd8 28. c3 dxc3 29. Bxc3 Rxd2+ 30. Bxd2 h5 31. Nd3 Nd6 32. Be3
b6 33. Nb4 Kf8 34. Nc6 Nc8 35. b4 Ke8 36. b5 Kd7 37. a4 Kd6 38. Ke2 a6 39. Bf4+
Kd5 40. Kd3 axb5 41. axb5 Kc5 42. Nd8 Kxb5 43. Nxf7 Ka4 44. Be5 Bxe5 45. Nxe5
Ne7 46. g4 h4 47. f4 b5 48. Ke4 b4 49. f5 gxf5+ 50. gxf5 b3 51. Nd3 Kb5 52. f6
Ng6 53. f7 Nf8 54. Kd5 Nh7 55. Kd4 Kc6 56. Kc3 Kd6 1/2-1/2

[Event "Montreal op"]
[Site "Montreal CAN"]
[Date "2011.09.10"]
[Round "3.5"]
[White "Sambuev, Bator"]
[Black "Poirier, Erik"]
[Result "1-0"]
[WhiteElo "2528"]
[BlackElo "2029"]
[PlyCount "75"]
[EventDate "2011.09.09"]
[EventType "swiss"]
[EventRounds "5"]
[EventCountry "CAN"]

1. d4 Nf6 2. c4 e6 3. Nc3 Bb4 4. e3 b6 5. Nge2 Ba6 6. a3 Be7 7. Nf4 O-O 8. b4
d5 9. b5 Bb7 10. cxd5 exd5 11. Bd2 c5 12. bxc6 Nxc6 13. g4 Re8 14. g5 Ne4 15.
Nxe4 dxe4 16. Rg1 Bxg5 17. Qg4 Bh6 18. Bc4 Nxd4 19. exd4 Qxd4 20. Rc1 e3 21.
fxe3 Qxf4 22. Qxf4 Bxf4 23. Rf1 Bxh2 24. Bxf7+ Kh8 25. Bxe8 Rxe8 26. Rf7 Bd5
27. Rxa7 Bg3+ 28. Ke2 h5 29. Bc3 Be5 30. Bxe5 Rxe5 31. Rg1 g5 32. Rc1 g4 33.
Rcc7 Bg8 34. Rg7 b5 35. Kd3 Bc4+ 36. Kd4 Rd5+ 37. Ke4 Rc5 38. Kf4 1-0

[Event "Montreal op"]
[Site "Montreal CAN"]
[Date "2011.09.11"]
[Round "4.2"]
[White "Sambuev, Bator"]
[Black "L'Ami, Alina"]
[Result "1-0"]
[WhiteElo "2528"]
[BlackElo "2368"]
[PlyCount "91"]
[EventDate "2011.09.09"]
[EventType "swiss"]
[EventRounds "5"]
[EventCountry "CAN"]

1. Nf3 Nf6 2. c4 g6 3. Nc3 Bg7 4. e4 d6 5. d4 O-O 6. Be2 e5 7. O-O Nc6 8. d5
Ne7 9. Ne1 Nd7 10. Be3 f5 11. f3 f4 12. Bf2 g5 13. Rc1 Rf6 14. Nd3 b6 15. b4 a6
16. c5 Rh6 17. cxd6 cxd6 18. b5 a5 19. Na4 Qe8 20. g4 fxg3 21. Bxg3 Ng6 22. Nf2
Nf4 23. Ng4 Rg6 24. Ne3 Rb8 25. Rc6 Nc5 26. Nxb6 Bh3 27. Nbc4 Bf8 28. Re1 g4
29. Rxc5 gxf3 30. Bxf3 dxc5 31. a4 Rb7 32. Nf5 Rg5 33. Kh1 Bxf5 34. exf5 Rxf5
35. Be4 Rh5 36. Bxf4 exf4 37. Bf3 Re7 38. Rxe7 Qxe7 39. d6 Qe6 40. Bxh5 Qxc4
41. d7 Be7 42. d8=Q+ Bxd8 43. Qxd8+ Kg7 44. Qg5+ Kf8 45. Qf6+ Kg8 46. Bf7+ 1-0

[Event "Montreal op"]
[Site "Montreal CAN"]
[Date "2011.09.11"]
[Round "5.1"]
[White "Jiang, Louie"]
[Black "Sambuev, Bator"]
[Result "0-1"]
[WhiteElo "2327"]
[BlackElo "2528"]
[PlyCount "76"]
[EventDate "2011.09.09"]
[EventType "swiss"]
[EventRounds "5"]
[EventCountry "CAN"]

1. e4 e6 2. d4 d5 3. exd5 exd5 4. Bd3 Nc6 5. c3 Bd6 6. Qf3 Be6 7. Ne2 Qd7 8. h3
O-O-O 9. Bf4 Nf6 10. Nd2 Ne7 11. O-O-O Qa4 12. Kb1 Ne4 13. Bc2 Qa5 14. g4 Rhe8
15. Rhe1 Ng6 16. Bxd6 Nh4 17. Qh1 cxd6 18. Rf1 f5 19. f3 Nxd2+ 20. Rxd2 Bd7 21.
Bd3 Re3 22. f4 Rde8 23. Nc1 Bb5 24. Rfd1 Bxd3+ 25. Rxd3 R3e4 26. Qf1 Qb5 27.
Qf2 Ng6 28. gxf5 Nxf4 29. R3d2 Qd7 30. Rc2 Qxf5 31. Ka1 Kb8 32. h4 Qe6 33. a3
Ng6 34. Rg1 Rxh4 35. Qf1 Re4 36. Qb5 Rc8 37. Qb3 Rc7 38. Ka2 Nf4 0-1

[Event "Labour Day op"]
[Site "Toronto CAN"]
[Date "2011.09.03"]
[Round "2"]
[White "Wiebe, Daniel"]
[Black "Sambuev, Bator"]
[Result "0-1"]
[WhiteElo "2023"]
[BlackElo "2700"]
[PlyCount "56"]
[EventDate "2011.09.03"]
[EventType "swiss"]
[EventRounds "6"]
[EventCountry "CAN"]

1. e4 c5 2. Nf3 d6 3. d4 cxd4 4. Nxd4 Nf6 5. Nc3 g6 6. Be3 Bg7 7. f3 O-O 8. Qd2
Nc6 9. Bc4 Bd7 10. O-O-O Qa5 11. Kb1 Ne5 12. Bb3 Rfc8 13. h4 Nc4 14. Bxc4 Rxc4
15. Nb3 Qa6 16. Bh6 Bh8 17. h5 Rac8 18. hxg6 fxg6 19. Bg5 Rxc3 20. bxc3 Be6 21.
Bxf6 Bxf6 22. Qh6 Rxc3 23. Qxh7+ Kf8 24. e5 Bxe5 25. Rhe1 Bxb3 26. cxb3 Rxb3+
27. axb3 Qa1+ 28. Kc2 Qc3+ 0-1